計量法で定められている計量(物理量) - Statistics

General Stats
  • This quiz has been taken 136 times
    135 since last reset
  • The average score is 20 of 71
Answer Stats
単位の例 答え % Correct
A 電流
91%
面積
87%
m/s 速さ
87%
V 電圧
87%
kg 質量
86%
体積
85%
s 時間
82%
K 温度
82%
Pa 圧力
80%
Ω 電気抵抗
77%
m/s² 加速度
76%
rad 角度
71%
Hz 周波数
69%
J 仕事
68%
mol 物質量
67%
kg/m³ 密度
65%
rad/s 角速度
63%
N
62%
rad/s² 角加速度
59%
J 熱量
53%
W 電力
46%
cd 光度
44%
Wb 磁束
40%
W 工率
37%
T 磁束密度
33%
Bq 放射能
32%
C 電気量
26%
A/m 磁界の強さ
23%
sr 立体角
21%
dB 音圧レベル
21%
H インダクタンス
19%
N・m 力のモーメント
18%
lx 照度
17%
V/m 電界の強さ
16%
lm 光束
15%
F 静電容量
14%
mol/m³ 濃度
13%
Ω インピーダンス
11%
J 電力量
11%
cd/m² 輝度
10%
m⁻¹ 波数
7%
S 電気のコンダクタンス
7%
J/(kg・K) 比熱容量
6%
Pa 応力
5%
V 起電力
5%
Pa・s 粘度
4%
Gy 吸収線量
4%
Sv 線量当量
3%
s⁻¹ 回転速度
2%
m³/s 流量
2%
W/(m・K) 熱伝導率
2%
J/K エントロピー
1%
var 無効電力
1%
VA 皮相電力
1%
dB 電磁波の減衰量
1%
C/kg 照射線量
1%
m²/s 動粘度
0%
kg/s 質量流量
0%
A 起磁力
0%
vars 無効電力量
0%
VAs 皮相電力量
0%
W/m² 電磁波の電力密度
0%
W/sr 放射強度
0%
W 音響パワー
0%
dB 振動加速度レベル
0%
s⁻¹ 中性子放出率
0%
Gy/s 吸収線量率
0%
Gy カーマ
0%
Gy/s カーマ率
0%
C/(kg・s) 照射線量率
0%
Sv/s 線量当量率
0%
No matching quizzes found
Score Distribution
Percent of People with Each Score
Percentile by Number Answered
Your Score History
You have not taken this quiz since the last reset